| 000 | 00767nam a2200229Ia 4500 | ||
|---|---|---|---|
| 003 | GCL | ||
| 008 | 140319s9999 xx 000 0 ara d | ||
| 040 |
_aGCL / _cGCL |
||
| 082 | 0 | 4 |
_aق _b322.2 _bن ا |
| 100 | 1 | _aنوال عبدالعزيز راضى | |
| 245 | 1 | 0 |
_aاضواء جديدة على الحركة العمالية المصرية 1945-1930 / _cنوال عبدالعزيز راضى |
| 260 |
_a[S.N] : _bدار النهضة العربية |
||
| 300 | _a373 ص | ||
| 490 | _a | ||
| 650 | 0 | 4 | _aالعصر الحديث |
| 650 | 0 | 4 | _aمصر |
| 650 | 0 | 4 | _aتاريخ |
| 650 | 0 | 4 | _aالاحوال الاقتصادية |
| 650 | 0 | 4 | _aالنقابات العمالية |
| 650 | 0 | 4 | _aالحرب العالمية الثانية 1939 - 1945 |
| 942 |
_2ddc _cBK |
||
| 999 |
_c34814 _d34814 |
||